000 00507nam a2200205Ia 4500
003 OSt
005 20230613152526.0
008 210423s2005 xx 000 0 und d
020 _a8187680121
040 _cAL
041 _aeng
082 _a574.1925
_223
_b PANA
100 _aPANDEY (Ashok);others,Ed.
_999199
245 _aEnzyme technology.
260 _aNew Delhi
_bAsiatech Publishers
_c2005
300 _axviii,742
365 _b1950
_cINR
906 _aEnzyme ; technology.
942 _2ddc
_cBK
999 _c163729
_d163729